| 000 | 01072nac a22003011u 4500 | ||
|---|---|---|---|
| 003 | EG-ScBUE | ||
| 005 | 20221027103629.0 | ||
| 008 | 221027s2007 vraae f b 000 0 eng d | ||
| 020 | _a9781864701692 (hbk.) : | ||
| 020 | _a1864701692 | ||
| 040 |
_aEG-ScBUE _beng _erda _cEG-ScBUE _dEG-ScBUE |
||
| 082 | 0 | 4 |
_a720.483 _bSMI _222 |
| 100 | 1 |
_aSmith, Adrian, _d1966- _eauthor. |
|
| 245 | 1 | 4 |
_aThe architecture of Adrian Smith, SOM : _btoward a sustainable future. _cedited by Robyn Beaver. |
| 264 | 1 |
_aMulgrave, Victoria : _bImages Publication, _c2007. |
|
| 300 |
_a580 pages : _billustrations (chiefly color), plans ; _c25 cm |
||
| 336 |
_2rdacontent _atext _btxt |
||
| 337 |
_2rdamedia _aunmediated _bn |
||
| 338 |
_2rdacarrier _avolume _bnc |
||
| 504 | _aIncludes bibliographical references. | ||
| 650 | 7 |
_aArchitectural firms _zUnited States. _2BUEsh |
|
| 650 | 7 |
_aSkyscrapers _zUnited States. _2BUEsh |
|
| 650 | 7 |
_aSustainable architecture. _zUnited States. _2BUEsh |
|
| 653 | _bENGARC | ||
| 655 | _vReading book | ||
| 700 | 1 |
_aBeaver, Robyn, _eeditor. |
|
| 942 |
_cBB _2ddc |
||
| 999 |
_c8664 _d8664 |
||